[Event "Mitropa Online Cup Open 2021"]
[Site "Hybrid"]
[Date "2021.05.04"]
[Round "5.5"]
[White "Nagy, Gabor"]
[Black "Nayhebaver, Martin"]
[Result "1/2-1/2"]
[WhiteElo "2511"]
[BlackElo "2485"]
[Annotator "ChessBase"]
[PlyCount "110"]
[EventDate "2021.05.04"]
[EventType "team-tourn"]
[EventCountry "NET"]
[SourceTitle "playchess.com"]
[Source "ChessBase"]
[SourceQuality "1"]
[WhiteTeam "Hungary"]
[BlackTeam "Slovakia"]
[WhiteTeamCountry "HUN"]
[BlackTeamCountry "SVK"]
[TimeControl "40/5400+30:1800+30"]

1. Nf3 {[%emt 0:00:00]} Nf6 {[%emt 0:00:23]} 2. c4 {[%emt 0:00:08]} b6 {[%emt 0:00:48]} 3. g3 {[%emt 0:01:53]} Bb7 {[%emt 0:00:25]} 4. Bg2 {[%emt 0:00:17]} e6 {[%emt 0:00:20]} 5. O-O {[%emt 0:00:57]} Be7 {[%emt 0:00:35]} 6. d4 {[%emt 0:01:41]} O-O {[%emt 0:00:48]} 7. Nc3 {[%emt 0:03:15]} Ne4 {[%emt 0:01:28]} 8. Qc2 {[%emt 0:00:14]} Nxc3 {[%emt 0:01:45]} 9. Qxc3 {[%emt 0:00:08]} c5 {[%emt 0:05:49]} 10. Rd1 {[%emt 0:04:02]} Bf6 {[%emt 0:04:56]} 11. Qc2 {[%emt 0:07:25]} Nc6 {[%emt 0:17:45]} 12. dxc5 {[%emt 0:03:04]} bxc5 {[%emt 0:01:33]} 13. Bf4 {[%emt 0:01:56]} Qb6 {[%emt 0:04:31]} 14. Rxd7 {[%emt 0:08:34]} Nd4 {[%emt 0:03:45]} 15. Nxd4 {[%emt 0:00:56]} Bxg2 {[%emt 0:00:09]} 16. Rd6 {[%emt 0:06:08]} Qb7 {[%emt 0:04:41]} 17. Nb3 {[%emt 0:00:55]} Be7 {[%emt 0:09:30]} 18. Na5 {[%emt 0:10:41]} Qe4 {[%emt 0:04:07]} 19. Qxe4 {[%emt 0:07:18]} Bxe4 {[%emt 0:00:18]} 20. Rd2 {[%emt 0:00:07]} Rad8 {[%emt 0:07:05]} 21. f3 {[%emt 0:01:57]} Rxd2 {[%emt 0:03:24]} 22. Bxd2 {[%emt 0:00:09]} Ba8 {[%emt 0:00:09]} 23. Be3 {[%emt 0:02:11]} Rc8 {[%emt 0:11:11]} 24. Rd1 {[%emt 0:00:29]} Bf6 {[%emt 0:06:18]} 25. Rd2 {[%emt 0:01:20]} Bd8 {[%emt 0:03:29]} 26. Nb3 {[%emt 0:00:23]} Bb6 {[%emt 0:00:08]} 27. a4 {[%emt 0:04:20]} a5 {[%emt 0:00:53]} 28. Rd6 {[%emt 0:02:01]} Bc6 {[%emt 0:00:22]} 29. Nxc5 {[%emt 0:07:18]} Bxc5 {[%emt 0:02:08]} 30. Bxc5 {[%emt 0:00:09]} Bxa4 {[%emt 0:00:10]} 31. Bb6 {[%emt 0:00:18]} Kf8 {[%emt 0:00:24]} 32. c5 {[%emt 0:00:50]} Bb5 {[%emt 0:01:19]} 33. Kf2 {[%emt 0:00:36]} a4 {[%emt 0:00:13]} 34. e4 {[%emt 0:00:28]} Ke7 {[%emt 0:00:53]} 35. g4 {[%emt 0:01:57]} Bd7 {[%emt 0:03:43]} 36. f4 {[%emt 0:02:18]} Bb5 {[%emt 0:00:17]} 37. h4 {[%emt 0:00:32]} Ra8 {[%emt 0:01:49]} 38. e5 {[%emt 0:01:27]} Rc8 {[%emt 0:00:32]} 39. f5 {[%emt 0:00:44]} Rc6 {[%emt 0:00:50]} 40. Rd4 {[%emt 0:00:00]} exf5 {[%emt 0:00:00]} 41. gxf5 {[%emt 0:01:35]} Rc8 {[%emt 0:03:28]} 42. Rd6 {[%emt 0:02:31]} Bd7 {[%emt 0:03:56]} 43. f6+ {[%emt 0:00:19]} gxf6 {[%emt 0:00:05]} 44. exf6+ {[%emt 0:00:07]} Ke8 {[%emt 0:00:05]} 45. Rd4 {[%emt 0:05:31]} Rc6 {[%emt 0:00:53]} 46. Rf4 {[%emt 0:00:09]} Re6 {[%emt 0:00:22]} 47. Bc7 {[%emt 0:03:51]} Bc6 {[%emt 0:03:28]} 48. Rf5 {[%emt 0:03:04]} Be4 {[%emt 0:00:57]} 49. Rf4 {[%emt 0:00:06]} Bc6 {[%emt 0:00:39]} 50. h5 {[%emt 0:00:06]} Kd7 {[%emt 0:02:24]} 51. Ba5 {[%emt 0:02:00]} Re5 {[%emt 0:01:04]} 52. Rd4+ {[%emt 0:00:30]} Rd5 {[%emt 0:00:11]} 53. Rxd5+ {[%emt 0:00:26]} Bxd5 {[%emt 0:00:06]} 54. Ke3 {[%emt 0:00:07]} Ke6 {[%emt 0:00:42]} 55. Bc3 {[%emt 0:00:28]} Kf5 {[%emt 0:00:18]} 1/2-1/2

[Event "Mitropa Online Cup Open 2021"]
[Site "Hybrid"]
[Date "2021.05.04"]
[Round "5.5"]
[White "Sahidi, Samir"]
[Black "Csiki, Endre"]
[Result "1-0"]
[WhiteElo "2406"]
[BlackElo "2310"]
[Annotator "NA"]
[PlyCount "69"]
[EventDate "2021.05.04"]
[EventType "team-tourn"]
[EventCountry "NET"]
[SourceTitle "playchess.com"]
[Source "ChessBase"]
[SourceQuality "1"]
[WhiteTeam "Slovakia"]
[BlackTeam "Hungary"]
[WhiteTeamCountry "SVK"]
[BlackTeamCountry "HUN"]
[TimeControl "40/5400+30:1800+30"]

1. d4 {[%emt 0:00:00]} Nf6 {[%emt 0:00:05]} 2. c4 {[%emt 0:00:17]} e6 {[%emt 0:00:03]} 3. Nf3 {[%emt 0:00:51]} d5 {[%emt 0:00:09]} 4. g3 {[%emt 0:00:54]} Bb4+ {[%emt 0:00:05]} 5. Bd2 {[%emt 0:01:02]} Be7 {[%emt 0:00:05]} 6. Bg2 {[%emt 0:02:37]} O-O {[%emt 0:00:06]} 7. Nc3 {[%emt 0:05:47]} Nbd7 {[%emt 0:02:50]} 8. Qb3 {[%emt 0:04:18]} Nb6 {[%emt 0:03:06]} 9. cxd5 {[%emt 0:03:11]} exd5 {[%emt 0:01:16]} 10. Ne5 {[%emt 0:02:01]} Be6 {[%emt 0:06:49]} 11. Na4 {[%emt 0:06:10]} Qe8 {[%emt 0:22:38]} 12. Nc5 {[%emt 0:04:01]} Bxc5 {[%emt 0:09:01]} 13. dxc5 {[%emt 0:00:39]} d4 {[%emt 0:00:24]} 14. Qc2 {[%emt 0:06:52]} Bd5 {[%emt 0:02:20]} 15. Bxd5 {[%emt 0:01:40]} Nbxd5 {[%emt 0:00:25]} 16. Nf3 {[%emt 0:00:36]} Rd8 {[%emt 0:20:15]} 17. Nxd4 {[%emt 0:02:54]} Ne7 {[%emt 0:01:57]} 18. Bc3 {[%emt 0:04:26]} Ned5 {[%emt 0:06:21]} 19. O-O {[%emt 0:05:42]} Nxc3 {[%emt 0:05:27]} 20. bxc3 {[%emt 0:02:26]} Qe4 {[%emt 0:02:30]} 21. Rac1 {[%emt 0:01:56]} Rd5 {[%emt 0:06:48]} 22. c6 {[%emt 0:06:18]} b6 {[%emt 0:00:47]} 23. Qd2 {[%emt 0:04:59]} Ng4 {[%emt 0:02:15]} 24. Rfd1 {[%emt 0:04:58]} Ne5 {[%emt 0:00:59]} 25. Qf4 {[%emt 0:07:38]} Qxf4 {[%emt 0:02:49]} 26. gxf4 {[%emt 0:00:15]} Nc4 {[%emt 0:00:03]} 27. Nb3 {[%emt 0:03:38]} Rfd8 {[%emt 0:00:23]} 28. Rd4 {[%emt 0:00:30]} Na5 {[%emt 0:00:38]} 29. Nxa5 {[%emt 0:01:09]} bxa5 {[%emt 0:00:49]} 30. Rcd1 {[%emt 0:11:39]} Rxd4 {[%emt 0:00:05]} 31. Rxd4 {[%emt 0:00:07]} Rb8 {[%emt 0:00:23]} 32. Rd7 {[%emt 0:00:13]} g6 {[%emt 0:00:55]} 33. Rxc7 {[%emt 0:00:19]} Rb2 {[%emt 0:00:05]} 34. Rb7 {[%emt 0:00:48]} Rxe2 {[%emt 0:00:13]} 35. c7 {[%emt 0:00:12]} 1-0

[Event "Mitropa Online Cup Open 2021"]
[Site "Hybrid"]
[Date "2021.05.04"]
[Round "6.1"]
[White "Prusikin, Michael"]
[Black "Pechac, Jergus"]
[Result "1/2-1/2"]
[WhiteElo "2547"]
[BlackElo "2519"]
[Annotator "ChessBase"]
[PlyCount "76"]
[EventDate "2021.05.04"]
[EventType "team-tourn"]
[EventCountry "NET"]
[SourceTitle "playchess.com"]
[Source "ChessBase"]
[SourceQuality "1"]
[WhiteTeam "Germany"]
[BlackTeam "Slovakia"]
[WhiteTeamCountry "GER"]
[BlackTeamCountry "SVK"]
[TimeControl "40/5400+30:1800+30"]

1. d4 {[%emt 0:00:00]} d5 {[%emt 0:00:05]} 2. c4 {[%emt 0:00:05]} c6 {[%emt 0:00:05]} 3. cxd5 {[%emt 0:00:07]} cxd5 {[%emt 0:00:05]} 4. Bg5 {[%emt 0:00:04]} Nc6 {[%emt 0:00:16]} 5. Nc3 {[%emt 0:00:17]} f6 {[%emt 0:00:05]} 6. Bd2 {[%emt 0:06:43]} Nxd4 {[%emt 0:03:28]} 7. e3 {[%emt 0:00:05]} Nf5 {[%emt 0:00:10]} 8. Nf3 {[%emt 0:00:10]} e5 {[%emt 0:01:19]} 9. Qb3 {[%emt 0:01:04]} Nge7 {[%emt 0:00:31]} 10. Bb5+ {[%emt 0:02:30]} Bd7 {[%emt 0:00:12]} 11. Nxd5 {[%emt 0:01:55]} Nxd5 {[%emt 0:00:09]} 12. Qxd5 {[%emt 0:00:11]} Bxb5 {[%emt 0:00:05]} 13. Qxb5+ {[%emt 0:00:08]} Qd7 {[%emt 0:00:05]} 14. Qxd7+ {[%emt 0:03:52]} Kxd7 {[%emt 0:00:48]} 15. Bc3 {[%emt 0:15:01]} Ke6 {[%emt 0:01:07]} 16. Ke2 {[%emt 0:00:37]} Be7 {[%emt 0:01:24]} 17. Nd2 {[%emt 0:02:24]} h5 {[%emt 0:01:21]} 18. h3 {[%emt 0:05:58]} Rac8 {[%emt 0:02:15]} 19. Rac1 {[%emt 0:02:17]} Rc6 {[%emt 0:01:30]} 20. Ne4 {[%emt 0:01:41]} Rc4 {[%emt 0:01:29]} 21. Nd2 {[%emt 0:02:46]} Ra4 {[%emt 0:02:30]} 22. a3 {[%emt 0:00:36]} g5 {[%emt 0:01:12]} 23. g4 {[%emt 0:08:13]} Nh4 {[%emt 0:06:51]} 24. Bb4 {[%emt 0:08:25]} Bxb4 {[%emt 0:14:21]} 25. Rc4 {[%emt 0:00:17]} Ng6 {[%emt 0:12:39]} 26. Rd1 {[%emt 0:04:53]} hxg4 {[%emt 0:03:18]} 27. hxg4 {[%emt 0:00:17]} b5 {[%emt 0:04:28]} 28. Rxb4 {[%emt 0:00:53]} Rxb4 {[%emt 0:00:08]} 29. axb4 {[%emt 0:00:04]} Rh4 {[%emt 0:00:09]} 30. Kf3 {[%emt 0:03:48]} e4+ {[%emt 0:02:59]} 31. Nxe4 {[%emt 0:01:02]} Ne5+ {[%emt 0:00:35]} 32. Ke2 {[%emt 0:00:26]} Rxg4 {[%emt 0:00:06]} 33. Rd4 {[%emt 0:06:02]} Rh4 {[%emt 0:04:55]} 34. Nc5+ {[%emt 0:02:45]} Kf5 {[%emt 0:01:58]} 35. e4+ {[%emt 0:01:15]} Kg6 {[%emt 0:02:29]} 36. Rd6 {[%emt 0:04:12]} Rh1 {[%emt 0:03:46]} 37. Nd3 {[%emt 0:08:03]} Nxd3 {[%emt 0:02:07]} 38. Rxd3 {[%emt 0:00:05]} Rb1 {[%emt 0:00:22]} 1/2-1/2

[Event "Mitropa Online Cup Open 2021"]
[Site "Hybrid"]
[Date "2021.05.04"]
[Round "6.1"]
[White "Druska, Juraj"]
[Black "Parvanyan, Ashot"]
[Result "1/2-1/2"]
[WhiteElo "2494"]
[BlackElo "2436"]
[Annotator "TA"]
[PlyCount "176"]
[EventDate "2021.05.04"]
[EventType "team-tourn"]
[EventCountry "NET"]
[SourceTitle "playchess.com"]
[Source "ChessBase"]
[SourceQuality "1"]
[WhiteTeam "Slovakia"]
[BlackTeam "Germany"]
[WhiteTeamCountry "SVK"]
[BlackTeamCountry "GER"]

{[%evp 13,176,27,33,0,38,39,46,38,63,40,62,50,54,49,54,43,44,45,47,31,95,71,79,66,111,82,95,78,82,98,89,25,23,46,37,0,86,100,93,85,112,126,139,118,166,70,204,180,271,260,290,287,374,374,385,358,418,350,431,410,388,316,383,304,311,312,362,279,281,285,343,344,373,4,8,8,8,8,8,8,8,8,8,8,19,19,19,18,26,26,26,26,37,26,30,8,10,14,18,14,103,144,110,0,0,0,110,110,110,0,20,0,0,0,0,0,26,26,26,26,830,830,795,46,53,46,1007,998,1021,46,46,0,984,46,46,0,697,28,857,617,254,0,1033,0,642,610,1587,141,1402,1033,1033,1018,1349,0,0,0,0,0,0,0,0,0,0,-8,0]} 1. c4 e5 2. g3 Nc6 3. Bg2 f5 4. Nc3 Nf6 5. e3 g6 6. Nge2 Bg7 7. d4 e4 8. Rb1 {[#] A25: English Opening vs King's Indian with ...Nc6 but without early d3.} a5 $146 ({Predecessor:} 8... d5 9. cxd5 Nxd5 10. Nxd5 Qxd5 11. Nc3 Qc4 12. Bf1 Qf7 13. Qa4 Bd7 14. Bc4 Qe7 15. Nd5 Qd6 {1-0 (44) Arkell,K (2513)-Valaker,O (2207) Port Erin 2003}) 9. Nf4 O-O 10. h4 {White is slightly better.} Re8 11. a3 Qe7 12. Bf1 Qf7 13. Be2 d6 14. b4 axb4 15. axb4 Nd8 16. d5 Nd7 (16... Bd7 $14) 17. Nb5 $16 Ne5 18. Bb2 Qe7 19. Ra1 Rxa1 20. Qxa1 c6 21. Nd4 Bd7 22. Qa7 (22. Qa5 $16) 22... Nd3+ $1 $11 23. Bxd3 exd3 24. Qa3 (24. Nxd3 $2 Qe4 $19) 24... c5 (24... Qe4 $11 25. O-O d2) 25. bxc5 $16 dxc5 {aiming for ...Bxd4.} 26. Nb3 {[%cal Bd4b3,Bb3d2,Bd2f3][%mdl 32] Bxg7 is the strong threat.} Bxb2 27. Qxb2 Nf7 {[%cal Bd8f7,Bf7e5,Be5g4,Bg4f6,Bf6e4][%mdl 32]} 28. O-O Ne5 29. Qc3 (29. Nd2 $18) 29... g5 (29... b5 $14) 30. hxg5 $18 (30. Nxd3 Nf3+ 31. Kh1 Qe4 $11) 30... b6 (30... b5 {was worth a try.} 31. Nxd3 Nf3+ 32. Kg2 Qe4) 31. Nd2 ({Not} 31. Nxd3 Nf3+ 32. Kh1 (32. Kg2 Qe4 $11) 32... Qe4 $11) 31... Qxg5 32. Nxd3 Ng4 33. Nf3 Qe7 34. Nf4 Nf6 35. Nd2 h5 36. Nf3 Ne4 37. Qd3 Qg7 38. Kg2 Ra8 {intending ...Ra2.} 39. Nxh5 Qg4 {[#]} 40. Ne5 $1 Qxh5 41. Nxd7 Kg7 42. Qb1 $1 {[%cal Rb1b2] Hoping for Qb2+.} ({And not} 42. Nxb6 Rh8 $11) 42... Qe2 43. Nxc5 $2 Nxc5 44. Qxb6 Qxc4 45. Qc7+ Kg8 46. Qc6 Ra6 47. Qc8+ {[%mdl 64] Double Attack} Kg7 48. Qxf5 {With the idea Rd1.} Qe4+ 49. Qxe4 Nxe4 $11 {[%mdl 4096] Endgame KRN-KR} 50. f3 Nd2 51. Rf2 Nc4 52. Re2 Kf6 53. f4 Ra3 54. e4 Ne3+ $1 55. Kh3 Nf1 $1 56. Rg2 {White wants to play Rg1.} Ne3 (56... Ke7 $1 $11) 57. Rb2 $1 $16 Nf1 58. Rg2 (58. Rb6+ $16 Ke7 59. Rb7+ Kd6 60. Rg7) 58... Ne3 $11 59. Rb2 ({White should try} 59. Re2 $11 Nf1 60. Rg2) 59... Nf1 $1 $16 60. Rb6+ Kf7 61. e5 (61. Rb7+ $16 Ke8 62. Kg4) 61... Rxg3+ $11 62. Kh4 Rd3 63. Rf6+ Ke8 64. d6 Ng3 65. Kg4 Ne4 66. Rh6 {next Kf5 is good for White.} (66. Re6+ {keeps more tension.} Kf7 67. f5 Kf8 68. Rh6 Kg7 69. Rg6+) 66... Nc5 $2 {[%mdl 8192]} (66... Kf7 $11) 67. Kf5 $18 Rd4 68. Rh8+ $2 (68. Rh1 $18 Kd7 69. Rh8) 68... Kd7 $14 69. Ra8 {[%mdl 1024] White has compensation.} Rb4 $2 {[%mdl 8192]} (69... Ra4 $14 70. Rb8 Rd4) 70. Ra7+ $1 $18 Nb7 71. Ra6 $2 (71. Kg5 $18 {And now f5 would win.} Ke6 72. f5+ Kxe5 73. d7) 71... Nc5 $1 $14 {[%cal Rc5a6]} 72. Ra7+ $2 {[%mdl 8192]} (72. Ra8 $14) 72... Nb7 $18 73. Ra3 $2 ({Only move:} 73. Kg5 $18 {Threatens to win with f5.} Ke6 74. Ra8) 73... Nc5 $1 $14 74. Rh3 {Black must now prevent Rh7+.} Rd4 $2 {[%mdl 8192]} (74... Rb8 $11) 75. Rh7+ $2 (75. Rh8 $1 $18 {[%cal Rh8a8]} Kc6 76. Rc8+ Kd5 77. Re8) 75... Kd8 $2 {[%mdl 8192]} (75... Kc6 $11) 76. Rh4 Kd7 {[#]} 77. Kf6 $2 (77. Rh8 $1 $18 {[%cal Rh8a8]}) 77... Kc6 $2 {[%mdl 8192]} (77... Ne4+ $11 78. Kf5 Nxd6+ 79. exd6 Rd5+ 80. Kf6 Rxd6+ 81. Kg7 Rd4) 78. Kg5 $2 (78. Ke7 $18 Kb5 79. Rh5) 78... Kd7 $2 {[%mdl 8192]} (78... Nd3 $11) 79. Rh7+ $18 Ke6 80. Re7+ Kd5 81. d7 Ne6+ {[#]} 82. Kh6 $1 Rd3 83. f5 $2 (83. Re8 $18 Ke4 84. Rxe6 Rxd7 85. Rf6) 83... Kxe5 $11 {The position is equal.} 84. Kg6 Rg3+ 85. Kf7 {[%mdl 64] Pin} Rg7+ 86. Ke8 Rxe7+ 87. Kxe7 Kxf5 88. d8=B Nxd8 {Blacks defense is rewarded with a draw.  Weighted Error Value: White=0.28/Black=0.23} 1/2-1/2

[Event "Mitropa Online Cup Open 2021"]
[Site "Hybrid"]
[Date "2021.05.04"]
[Round "6.1"]
[White "Koellner, Ruben Gideon"]
[Black "Sahidi, Samir"]
[Result "0-1"]
[WhiteElo "2412"]
[BlackElo "2406"]
[Annotator "NA"]
[PlyCount "82"]
[EventDate "2021.05.04"]
[EventType "team-tourn"]
[EventCountry "NET"]
[SourceTitle "playchess.com"]
[Source "ChessBase"]
[SourceQuality "1"]
[WhiteTeam "Germany"]
[BlackTeam "Slovakia"]
[WhiteTeamCountry "GER"]
[BlackTeamCountry "SVK"]
[TimeControl "40/5400+30:1800+30"]

1. e4 {[%emt 0:00:00]} e5 {[%emt 0:00:20]} 2. Nf3 {[%emt 0:00:07]} Nc6 {[%emt 0:00:12]} 3. Bc4 {[%emt 0:00:04]} Bc5 {[%emt 0:00:08]} 4. c3 {[%emt 0:00:06]} Nf6 {[%emt 0:00:19]} 5. d3 {[%emt 0:00:05]} a6 {[%emt 0:02:37]} 6. Nbd2 {[%emt 0:01:15]} O-O {[%emt 0:03:34]} 7. O-O {[%emt 0:00:19]} d6 {[%emt 0:01:34]} 8. Bb3 {[%emt 0:00:09]} Ba7 {[%emt 0:02:27]} 9. h3 {[%emt 0:00:07]} Ne7 {[%emt 0:03:49]} 10. Nh4 {[%emt 0:05:13]} c6 {[%emt 0:11:41]} 11. Re1 {[%emt 0:07:37]} Be6 {[%emt 0:01:06]} 12. Nf1 {[%emt 0:02:26]} d5 {[%emt 0:07:07]} 13. Qf3 {[%emt 0:03:59]} Qd6 {[%emt 0:04:20]} 14. Ng3 {[%emt 0:06:17]} Nd7 {[%emt 0:03:07]} 15. Bc2 {[%emt 0:12:12]} b5 {[%emt 0:05:17]} 16. Be3 {[%emt 0:03:20]} d4 {[%emt 0:06:31]} 17. Bd2 {[%emt 0:01:45]} a5 {[%emt 0:04:58]} 18. Nhf5 {[%emt 0:07:38]} Nxf5 {[%emt 0:04:18]} 19. exf5 {[%emt 0:00:49]} Bd5 {[%emt 0:00:14]} 20. Qg4 {[%emt 0:00:12]} Nf6 {[%emt 0:01:05]} 21. Qh4 {[%emt 0:01:09]} dxc3 {[%emt 0:01:32]} 22. bxc3 {[%emt 0:02:54]} Rfe8 {[%emt 0:05:26]} 23. Re2 {[%emt 0:15:24]} a4 {[%emt 0:06:11]} 24. c4 {[%emt 0:12:29]} Bd4 {[%emt 0:02:37]} 25. Rae1 {[%emt 0:03:38]} bxc4 {[%emt 0:00:21]} 26. Bg5 {[%emt 0:00:07]} Kf8 {[%emt 0:03:44]} 27. Bxf6 {[%emt 0:03:20]} Qxf6 {[%emt 0:00:18]} 28. Qg4 {[%emt 0:05:10]} c3 {[%emt 0:02:46]} 29. h4 {[%emt 0:02:55]} Qh6 {[%emt 0:02:13]} 30. Kh2 {[%emt 0:01:20]} Qf4 {[%emt 0:01:29]} 31. Qxf4 {[%emt 0:00:40]} exf4 {[%emt 0:00:08]} 32. Rxe8+ {[%emt 0:00:13]} Rxe8 {[%emt 0:00:09]} 33. Rxe8+ {[%emt 0:00:16]} Kxe8 {[%emt 0:00:07]} 34. Ne2 {[%emt 0:00:03]} Be5 {[%emt 0:01:00]} 35. f3 {[%emt 0:00:40]} a3 {[%emt 0:02:53]} 36. Nc1 {[%emt 0:02:31]} c5 {[%emt 0:01:55]} 37. Nb3 {[%emt 0:00:11]} Bd4 {[%emt 0:00:15]} 38. Kh3 {[%emt 0:00:10]} h5 {[%emt 0:00:54]} 39. g4 {[%emt 0:00:03]} Bxf3 {[%emt 0:00:25]} 40. gxh5 {[%emt 0:00:00]} Ke7 {[%emt 0:00:00]} 41. Na5 {[%emt 0:00:17]} Be2 {[%emt 0:01:58]} 0-1

[Event "Mitropa Online Cup Open 2021"]
[Site "Hybrid"]
[Date "2021.05.04"]
[Round "6.1"]
[White "Haring, Filip"]
[Black "Krastev, Alexander"]
[Result "1-0"]
[WhiteElo "2376"]
[BlackElo "2367"]
[Annotator "NA"]
[PlyCount "75"]
[EventDate "2021.05.04"]
[EventType "team-tourn"]
[EventCountry "NET"]
[SourceTitle "playchess.com"]
[Source "ChessBase"]
[SourceQuality "1"]
[WhiteTeam "Slovakia"]
[BlackTeam "Germany"]
[WhiteTeamCountry "SVK"]
[BlackTeamCountry "GER"]
[TimeControl "40/5400+30:1800+30"]

1. e4 {[%emt 0:00:00]} e5 {[%emt 0:01:02]} 2. Nf3 {[%emt 0:00:09]} Nc6 {[%emt 0:00:05]} 3. d4 {[%emt 0:00:08]} exd4 {[%emt 0:00:05]} 4. Nxd4 {[%emt 0:00:09]} Bc5 {[%emt 0:00:56]} 5. Nb3 {[%emt 0:00:17]} Bb6 {[%emt 0:00:33]} 6. Nc3 {[%emt 0:00:08]} Nf6 {[%emt 0:01:22]} 7. Qe2 {[%emt 0:00:19]} a5 {[%emt 0:07:10]} 8. a4 {[%emt 0:09:00]} d6 {[%emt 0:19:45]} 9. Bg5 {[%emt 0:08:32]} h6 {[%emt 0:07:03]} 10. Be3 {[%emt 0:06:52]} Bxe3 {[%emt 0:03:12]} 11. Qxe3 {[%emt 0:00:12]} O-O {[%emt 0:00:35]} 12. O-O-O {[%emt 0:01:35]} Nb4 {[%emt 0:13:58]} 13. f3 {[%emt 0:06:17]} Nd7 {[%emt 0:05:20]} 14. g4 {[%emt 0:09:29]} Qg5 {[%emt 0:09:46]} 15. f4 {[%emt 0:02:17]} Qxg4 {[%emt 0:00:05]} 16. h4 {[%emt 0:03:15]} f5 {[%emt 0:06:00]} 17. Bc4+ {[%emt 0:10:41]} Kh8 {[%emt 0:00:41]} 18. Rdg1 {[%emt 0:06:52]} Qh5 {[%emt 0:00:09]} 19. Qg3 {[%emt 0:00:46]} Qg4 {[%emt 0:02:28]} 20. Qf2 {[%emt 0:00:20]} Qh5 {[%emt 0:00:23]} 21. Qg2 {[%emt 0:01:37]} Qg4 {[%emt 0:00:18]} 22. Qf1 {[%emt 0:02:27]} Qh5 {[%emt 0:01:38]} 23. Rg5 {[%emt 0:02:54]} Qe8 {[%emt 0:00:04]} 24. Rhg1 {[%emt 0:02:30]} fxe4 {[%emt 0:07:49]} 25. Rxg7 {[%emt 0:01:08]} Nf6 {[%emt 0:00:05]} 26. Qg2 {[%emt 0:02:59]} Bg4 {[%emt 0:03:17]} 27. Rxg4 {[%emt 0:00:20]} Nxg4 {[%emt 0:00:03]} 28. Qxg4 {[%emt 0:00:05]} Qe7 {[%emt 0:00:03]} 29. Nd4 {[%emt 0:06:09]} Qf6 {[%emt 0:03:30]} 30. Ne6 {[%emt 0:03:55]} Rg8 {[%emt 0:01:24]} 31. Ng5 {[%emt 0:00:06]} d5 {[%emt 0:04:20]} 32. Bxd5 {[%emt 0:03:02]} Nxd5 {[%emt 0:01:26]} 33. Nxd5 {[%emt 0:00:08]} Qf8 {[%emt 0:00:01]} 34. Qh5 {[%emt 0:04:50]} c6 {[%emt 0:01:06]} 35. Nf7+ {[%emt 0:00:49]} Qxf7 {[%emt 0:00:18]} 36. Qxh6+ {[%emt 0:00:04]} Qh7 {[%emt 0:00:08]} 37. Qxh7+ {[%emt 0:00:19]} Kxh7 {[%emt 0:00:02]} 38. Nf6+ {[%emt 0:00:05]} 1-0

[Event "Mitropa Online Cup Open 2021"]
[Site "Hybrid"]
[Date "2021.05.04"]
[Round "6.2"]
[White "Nguyen, Thai Dai Van"]
[Black "Hera, Imre Jr."]
[Result "1-0"]
[WhiteElo "2577"]
[BlackElo "2610"]
[Annotator "TA"]
[PlyCount "77"]
[EventDate "2021.05.04"]
[EventType "team-tourn"]
[EventCountry "NET"]
[SourceTitle "playchess.com"]
[Source "ChessBase"]
[SourceQuality "1"]
[WhiteTeam "Czech Republic"]
[BlackTeam "Hungary"]
[WhiteTeamCountry "CZE"]
[BlackTeamCountry "HUN"]

{[%evp 10,77,29,18,31,25,34,24,27,24,38,40,38,36,47,24,34,44,40,15,29,0,23,26,26,19,23,0,16,16,14,0,47,49,50,58,172,184,189,178,183,187,168,153,168,162,400,397,377,374,362,302,283,273,314,186,250,236,341,199,310,322,690,691,657,636,922,861,1276,1259]} 1. e4 c6 2. d4 d5 3. e5 Bf5 4. Nd2 e6 5. Nb3 Nd7 6. Nf3 Ne7 {B12: Caro-Kann: Advance Variation.} 7. Be2 h6 {is now more promising than 7...Nc8.} 8. O-O Bh7 {White has an edge.} 9. a4 {[%cal Ba2a4,Ba4a5,Ba5a6][%mdl 32]} Ng6 10. a5 Be7 11. c4 {has lost popularity (11.Be3).} O-O 12. a6 {Strongly threatening cxd5.} b6 13. cxd5 cxd5 14. Be3 Rc8 {[#]} 15. Nc1 $146 ({Predecessor:} 15. Qd2 f6 16. exf6 Nxf6 17. Rfc1 Ne4 18. Rxc8 Qxc8 19. Qd1 Bd6 20. Nc1 Ne7 21. Nd3 {½-½ (39) Gagunashvili,M (2582)-Lalith,B (2493) Dubai 2010}) 15... Nb8 16. Bb5 Nc6 17. Nd3 Na5 18. Qe2 Rc7 19. Rac1 Nc4 20. b3 (20. Nd2 {is interesting.} Nxe3 21. fxe3 Nh4 22. g3 Nf5 23. Nf3) 20... Nxe3 (20... Na3 $5 {[%cal Ra3b5]} 21. Rxc7 Qxc7 $11) 21. Qxe3 Nh4 22. Nxh4 Bxd3 {White now steadily converts the win.} (22... Bxh4 $14 23. Nb4 Rxc1 24. Rxc1 Bg5) 23. Qxd3 $18 {aiming for Ng6.} Bxh4 {[#]} 24. Qd2 $1 Be7 25. Rxc7 Qxc7 26. Rc1 Qd8 27. Rc6 Ba3 $2 (27... f6 {might work better.}) 28. Qc3 Be7 29. g3 f6 30. Rxe6 fxe5 31. Rxe5 ({Less strong is} 31. dxe5 Bc5 $16) 31... Kh8 32. Qe3 (32. Qc6 $142) 32... Bf6 (32... Bg5 $142 33. f4 Bf6) 33. Re6 Qc8 (33... Qc7 $142 34. Bc6 Qd8) 34. Bd3 (34. Rd6 $142) 34... Kg8 (34... Qd7 $142) 35. Bf5 {Threatens to win with Rxf6!} Bxd4 (35... Qd8 36. Rc6 Kh8) 36. Qxd4 {White is clearly winning.} Rxf5 37. Re7 {[%csl Ge7,LRa7,LRg7][%cal Rd4g7][%mdl 64] [#] Double Attack} Qc1+ 38. Kg2 {[%csl Ge7][%cal Rd4g7]} Qg5 39. Rxa7 {Weighted Error Value: White=0.15/Black=0.42} 1-0